LEADER 01349nam--2200433---450- 001 990000339540203316 005 20071206160027.0 035 $a0033954 035 $aUSA010033954 035 $a(ALEPH)000033954USA01 035 $a0033954 100 $a20010212d1999----km-y0itay0103----ba 101 $aita 102 $aIT 105 $a||||||||001yy 200 1 $a<> rivoluzione napoletana del 1799$econvinti difensori e tenaci oppositori nella Castellabate di fine settecento$fVincenzo Caputo 210 $aCastellabate$c[S.n.]$d1999$fTipolitografia Piccirillo 215 $a110 p.$d24 cm 410 $12001 454 1$12001 461 1$1001-------$12001 606 0 $aItalia meridionale$zSec. 19.-20. 606 0 $aRivoluzione napoletana$z1799 676 $a945.708 700 1$aCAPUTO,$bVincenzo$09864 801 0$aIT$bsalbc$gISBD 912 $a990000339540203316 951 $aXV.1.C. 276(V G 1068)$b151073 LM$cV G$d00005422 951 $aIV 2 CAPU$b6296 DBC$cIV 2 959 $aBK 969 $aDBC 969 $aUMA 979 $aPATTY$b90$c20010212$lUSA01$h1452 979 $c20020403$lUSA01$h1642 979 $aPATRY$b90$c20040406$lUSA01$h1624 979 $aCOPAT6$b90$c20051129$lUSA01$h1015 979 $aDBC$b90$c20071206$lUSA01$h1600 996 $aRivoluzione napoletana del 1799$9877798 997 $aUNISA LEADER 01630oam 2200421M 450 001 9910716390203321 005 20200213070541.8 035 $a(CKB)5470000002520229 035 $a(OCoLC)1065859539 035 $a(OCoLC)995470000002520229 035 $a(EXLCZ)995470000002520229 100 $a20071213d1926 ua 0 101 0 $aeng 135 $aurcn||||||||| 181 $ctxt$2rdacontent 182 $cc$2rdamedia 183 $acr$2rdacarrier 200 10$aDestruction of paid United States checks. February 5, 1926. -- Committed to the Committee of the Whole House on the State of the Union and ordered to be printed 210 1$a[Washington, D.C.] :$c[U.S. Government Printing Office],$d1926. 215 $a1 online resource (2 pages) 225 1 $aHouse report / 69th Congress, 1st session. House ;$vno. 199 225 1 $a[United States congressional serial set ] ;$v[serial no. 8531] 300 $aBatch processed record: Metadata reviewed, not verified. Some fields updated by batch processes. 300 $aFDLP item number not assigned. 606 $aChecks 606 $aRecords disposal 608 $aLegislative materials.$2lcgft 615 0$aChecks. 615 0$aRecords disposal. 701 $aGraham$b George Scott$f1850-1931$pRepublican (PA)$01386798 801 0$bWYU 801 1$bWYU 801 2$bOCLCO 801 2$bOCLCQ 906 $aBOOK 912 $a9910716390203321 996 $aDestruction of paid United States checks. February 5, 1926. -- Committed to the Committee of the Whole House on the State of the Union and ordered to be printed$93456217 997 $aUNINA LEADER 03976nam 22007091 450 001 9910789072603321 005 20230803033809.0 010 $a3-11-030915-7 024 7 $a10.1515/9783110309157 035 $a(CKB)3390000000036794 035 $a(EBL)1113339 035 $a(SSID)ssj0001002369 035 $a(PQKBManifestationID)11534574 035 $a(PQKBTitleCode)TC0001002369 035 $a(PQKBWorkID)10997462 035 $a(PQKB)10587693 035 $a(MiAaPQ)EBC1113339 035 $a(DE-B1597)207408 035 $a(OCoLC)858659855 035 $a(OCoLC)881295801 035 $a(DE-B1597)9783110309157 035 $a(Au-PeEL)EBL1113339 035 $a(CaPaEBR)ebr10785942 035 $a(CaONFJC)MIL808054 035 $a(OCoLC)858761734 035 $a(EXLCZ)993390000000036794 100 $a20130702h20132013 uy 0 101 0 $aeng 135 $aurnn#---|u||u 181 $ctxt 182 $cc 183 $acr 200 10$aRejoice, dear Zion! $eHebrew construct phrases with "daughter" and "virgin" as nomen regens /$fMagnar Kartveit 210 1$aBerlin :$cWalter de Gruyter,$d[2013] 210 4$dİ2013 215 $a1 online resource (208 p.) 225 1 $aBeihefte zur Zeitschrift fu?r die alttestamentliche Wissenschaft ;$vVolume 447 300 $aDescription based upon print version of record. 311 0 $a3-11-030894-0 320 $aIncludes bibliographical references (pages 185-193) and index. 327 $tFront matter --$tPreface --$tContents --$tChapter 1: Signs of Zion --$tChapter 2: Does "Daughter of Zion" Refer to a Collective or an Individual? --$tChapter 3: "Daughter (of) Zion" in Recent Research --$tChapter 4: The Genitive and the Construct State in Semitic Languages --$tChapter 5: Semantic Analysis of the Construct Phrases with "Daughter" and/or "Virgin" --$tChapter 6: Can Nomen Regens in Biblical Hebrew be a Metaphor Applied (in Apposition?) to Nomen Rectum? --$tChapter 7: Dear Zion --$tBibliography --$tIndex of Modern Authors --$tIndex of Ancient Sources --$tSubject Index 330 $aThe phrase "Daughter of Zion" is in recent Bible translations often rendered "Daughter Zion". The discussion behind this change has continued for decades, but lacks proper linguistic footing. Parlance in grammars, dictionaries, commentaries and textbooks is often confusing. The present book seeks to remedy this defect by treating all relevant expressions from a linguistic point of view. To do this, it also discusses the understanding of Hebrew construct phrases, and finds that while there is a morphological category of genitive in Akkadian, Ugaritic and Arabic, Hebrew, Aramaic and Syriac do not display it. The use of this term as a syntactical category is unfortunate, and the term should be avoided in Hebrew grammar. Metaphor theory and the use of irony are also tools in the discussion of the phrases. As a result of the treatment, the author finds that there are some Hebrew construct phrases where nomen regens describes the following nomen rectum, and the description may be metaphorical, in some cases also ironical. This seems to be the case with "Daughter of Zion" and similar phrases. This understanding calls for a revision of the translation of the phrases, and new translations are suggested. 410 0$aBeihefte zur Zeitschrift fu?r die alttestamentliche Wissenschaft ;$v447. 606 $aConstruct state (Grammar) 606 $aHebrew language$xNoun 606 $aWomen in the Bible 610 $aHebrew language. 610 $aSemitics. 610 $agrammar. 610 $ametaphor. 615 0$aConstruct state (Grammar) 615 0$aHebrew language$xNoun. 615 0$aWomen in the Bible. 676 $a792.4/554 700 $aKartveit$b Magnar$f1946-$01545714 801 0$bMiAaPQ 801 1$bMiAaPQ 801 2$bMiAaPQ 906 $aBOOK 912 $a9910789072603321 996 $aRejoice, dear Zion$93823077 997 $aUNINA